Polscy zwycięzcy zawodów Pucharu Świata w skokach - Statystyki

Ogólne statystyki
  • Ten quiz został rozwiązany 696 razy
  • Średni wynik to 7 z 9
Statystyki odpowiedzi
Liczba zwycięstw Zawodnik % Poprawnych
39 Adam Małysz
100%
39 Kamil Stoch
100%
11 Dawid Kubacki
98%
2 Piotr Żyła
98%
2 Maciej Kot
88%
1 Jan Ziobro
67%
1 Krzysztof Biegun
63%
3 Piotr Fijas
45%
1 Stanisław Bobak
27%
Nie znaleziono quizów pasujących do podanych kryteriów
Rozkład punktacji
Procent ludzi z każdym wynikiem
Percentyl według liczby udzielonych odpowiedzi
Twoja historia wyników
Nie rozwiązałeś tego quizu